[Event "World Chess Olympiad 2018"]
[Site "Batumi"]
[Date "2018.10.02"]
[Round "8"]
[Board "3"]
[WhiteFideId "14700859"]
[White "Kabilov Amin"]
[BlackFideId "22000089"]
[Black "Salim Mohammed Salim Al Amri"]
[Result "1/2-1/2"]
[LiveChessVersion "1.4.8"]
[BlackElo "1940"]
[WhiteElo "2178"]

1. Nf3 {[%clk 1:30:50]} Nf6 {[%clk 1:30:48]} 2. c4 {[%clk 1:30:55]} b6
{[%clk 1:31:06]} 3. Nc3 {[%clk 1:31:16]} Bb7 {[%clk 1:30:58]} 4. g3
{[%clk 1:31:39]} e6 {[%clk 1:31:11]} 5. Bg2 {[%clk 1:32:04]} Be7 {[%clk 1:31:12]}
6. O-O {[%clk 1:32:24]} O-O {[%clk 1:31:18]} 7. Re1 {[%clk 1:32:41]} Ne4
{[%clk 1:30:52]} 8. Nxe4 {[%clk 1:32:49]} Bxe4 {[%clk 1:31:15]} 9. d3
{[%clk 1:33:16]} Bb7 {[%clk 1:31:34]} 10. e4 {[%clk 1:33:30]} c5 {[%clk 1:31:37]}
11. d4 {[%clk 1:26:08]} cxd4 {[%clk 1:28:43]} 12. Nxd4 {[%clk 1:26:26]} Nc6
{[%clk 1:29:07]} 13. b3 {[%clk 1:10:31]} Bc5 {[%clk 1:16:46]} 14. Bb2
{[%clk 1:08:22]} Nxd4 {[%clk 1:13:40]} 15. Bxd4 {[%clk 1:08:44]} Bxd4
{[%clk 1:14:03]} 16. Qxd4 {[%clk 1:09:07]} Bc6 {[%clk 1:13:43]} 17. Rad1
{[%clk 1:04:39]} Qe7 {[%clk 1:13:41]} 18. e5 {[%clk 1:00:49]} Rfd8
{[%clk 1:09:36]} 19. Rd2 {[%clk 0:50:00]} Rac8 {[%clk 1:09:36]} 20. Red1
{[%clk 0:49:52]} Bxg2 {[%clk 0:58:22]} 21. Kxg2 {[%clk 0:50:13]} Rc7
{[%clk 0:58:42]} 22. Qe4 {[%clk 0:44:45]} f6 {[%clk 0:55:43]} 23. Rd6
{[%clk 0:39:54]} f5 {[%clk 0:46:29]} 24. Qd4 {[%clk 0:39:14]} Kf8
{[%clk 0:46:40]} 25. a4 {[%clk 0:35:52]} Ke8 {[%clk 0:46:16]} 26. Rd3
{[%clk 0:33:13]} Rc6 {[%clk 0:45:39]} 27. Qc3 {[%clk 0:28:31]} Rxd6
{[%clk 0:45:14]} 28. Rxd6 {[%clk 0:28:55]} Rc8 {[%clk 0:45:05]} 29. a5
{[%clk 0:28:12]} Rc6 {[%clk 0:43:55]} 30. axb6 {[%clk 0:24:15]} axb6
{[%clk 0:44:04]} 31. Qd4 {[%clk 0:20:58]} Qd8 {[%clk 0:43:58]} 32. b4
{[%clk 0:19:15]} Qc7 {[%clk 0:43:14]} 33. Rxc6 {[%clk 0:18:47]} Qxc6+
{[%clk 0:41:40]} 34. Kg1 {[%clk 0:18:59]} b5 {[%clk 0:40:45]} 35. cxb5
{[%clk 0:18:35]} Qxb5 {[%clk 0:39:57]} 36. h4 {[%clk 0:18:16]} Kd8
{[%clk 0:33:42]} 37. Qd6 {[%clk 0:16:21]} g6 {[%clk 0:26:37]} 38. Qd4
{[%clk 0:14:10]} Kc7 {[%clk 0:26:15]} 39. Qd6+ {[%clk 0:13:49]} Kb7
{[%clk 0:25:38]} 40. Qe7 {[%clk 0:40:54]} Kc6 {[%clk 0:54:07]} 41. Qd6+
{[%clk 0:40:50]} Kb7 {[%clk 0:54:35]} 42. Qd4 {[%clk 0:33:21]} Kc6
{[%clk 0:54:36]} 43. Qd6+ {[%clk 0:33:39]} Kb7 {[%clk 0:54:57]} 44. Qe7
{[%clk 0:33:06]} Kc6 {[%clk 0:55:18]} 45. Qxh7 {[%clk 0:32:52]} Qxe5
{[%clk 0:55:03]} 46. Qxg6 {[%clk 0:33:00]} Qe1+ {[%clk 0:43:14]} 47. Kg2
{[%clk 0:33:19]} Qe4+ {[%clk 0:43:40]} 48. Kh2 {[%clk 0:33:33]} Qf3
{[%clk 0:43:49]} 49. Kg1 {[%clk 0:29:23]} Qd1+ {[%clk 0:44:07]} 50. Kg2
{[%clk 0:29:44]} Qd5+ {[%clk 0:44:12]} 51. Kh2 {[%clk 0:29:50]} Qf3
{[%clk 0:44:39]} 52. Kg1 {[%clk 0:25:29]} Qd1+ {[%clk 0:43:00]} 53. Kg2
{[%clk 0:25:43]} Qd5+ {[%clk 0:43:15]} 54. Kf1 {[%clk 0:25:48]} Qh1+
{[%clk 0:42:53]} 55. Ke2 {[%clk 0:25:59]} Qe4+ {[%clk 0:43:13]} 56. Kf1
{[%clk 0:26:08]} Qh1+ {[%clk 0:43:34]} 57. Ke2 {[%clk 0:25:49]} Qe4+
{[%clk 0:43:55]} 58. Kd1 {[%clk 0:24:43]} Qd4+ {[%clk 0:44:15]} 59. Ke2
{[%clk 0:25:06]} Qe4+ {[%clk 0:44:40]} 1/2-1/2

[Event "World Chess Olympiad 2018"]
[Site "Batumi"]
[Date "2018.10.02"]
[Round "8"]
[Board "4"]
[WhiteFideId "22000526"]
[White "Al Kathiri Salim Said"]
[BlackFideId "14700280"]
[Black "Karimov Alisher"]
[Result "0-1"]
[LiveChessVersion "1.4.8"]
[BlackElo "2182"]
[WhiteElo "1773"]

1. e4 {[%clk 1:30:57]} c5 {[%clk 1:30:40]} 2. Nf3 {[%clk 1:30:10]} a6
{[%clk 1:30:48]} 3. d4 {[%clk 1:29:56]} cxd4 {[%clk 1:31:09]} 4. Nxd4
{[%clk 1:30:19]} Nf6 {[%clk 1:31:34]} 5. Nc3 {[%clk 1:29:28]} e5 {[%clk 1:31:45]}
6. Nb3 {[%clk 1:27:59]} Bb4 {[%clk 1:32:03]} 7. Be2 {[%clk 1:23:16]} Nxe4
{[%clk 1:27:31]} 8. Qd3 {[%clk 1:21:31]} Nxc3 {[%clk 1:22:47]} 9. bxc3
{[%clk 1:21:48]} Be7 {[%clk 1:22:32]} 10. Qg3 {[%clk 1:20:01]} O-O
{[%clk 1:22:24]} 11. O-O {[%clk 1:12:44]} Nc6 {[%clk 1:21:09]} 12. Bh6
{[%clk 1:10:49]} Bf6 {[%clk 1:21:13]} 13. Nc5 {[%clk 1:10:08]} Ne7
{[%clk 1:20:07]} 14. Be3 {[%clk 0:58:30]} d5 {[%clk 1:14:06]} 15. Bg4
{[%clk 0:56:36]} Ng6 {[%clk 1:02:43]} 16. Qh3 {[%clk 0:54:53]} Bg5
{[%clk 0:34:33]} 17. Bxc8 {[%clk 0:29:58]} Rxc8 {[%clk 0:33:57]} 18. Nd7
{[%clk 0:28:53]} Re8 {[%clk 0:32:22]} 19. f4 {[%clk 0:27:37]} Nxf4
{[%clk 0:26:02]} 20. Bxf4 {[%clk 0:26:18]} Bxf4 {[%clk 0:26:21]} 21. Rfd1
{[%clk 0:25:12]} d4 {[%clk 0:21:10]} 22. cxd4 {[%clk 0:23:52]} exd4
{[%clk 0:20:38]} 23. Rf1 {[%clk 0:23:13]} Be3+ {[%clk 0:16:37]} 24. Kh1
{[%clk 0:23:32]} Rc7 {[%clk 0:16:18]} 25. Nb6 {[%clk 0:22:08]} d3
{[%clk 0:16:12]} 26. Nc4 {[%clk 0:20:15]} Rxc4 {[%clk 0:16:02]} 27. cxd3
{[%clk 0:20:39]} Rc7 {[%clk 0:16:00]} 28. d4 {[%clk 0:20:33]} Rd7
{[%clk 0:15:40]} 29. Rae1 {[%clk 0:20:40]} Rde7 {[%clk 0:13:48]} 30. Qf3
{[%clk 0:19:44]} Qxd4 {[%clk 0:13:22]} 31. Rd1 {[%clk 0:19:48]} Qe4
{[%clk 0:13:12]} 32. Qxe4 {[%clk 0:19:11]} Rxe4 {[%clk 0:13:39]} 33. Rd7
{[%clk 0:18:56]} R4e7 {[%clk 0:13:27]} 34. Rd3 {[%clk 0:18:51]} Bc5
{[%clk 0:13:41]} 35. g3 {[%clk 0:18:52]} Re1 {[%clk 0:14:02]} 36. Rdf3
{[%clk 0:18:19]} Rxf1+ {[%clk 0:14:20]} 37. Rxf1 {[%clk 0:18:47]} Re2
{[%clk 0:14:37]} 38. Rc1 {[%clk 0:19:03]} Bf8 {[%clk 0:14:53]} 39. a4
{[%clk 0:19:16]} b5 {[%clk 0:15:08]} 40. axb5 {[%clk 0:49:23]} axb5
{[%clk 0:45:33]} 41. Kg1 {[%clk 0:49:38]} b4 {[%clk 0:45:50]} 42. h4
{[%clk 0:50:05]} b3 {[%clk 0:46:12]} 0-1

[Event "World Chess Olympiad 2018"]
[Site "Batumi"]
[Date "2018.10.02"]
[Round "8"]
[Board "1"]
[WhiteFideId "21300020"]
[White "Klaas Tokelo"]
[BlackFideId "6351921"]
[Black "Saraci Nderim"]
[Result "0-1"]
[LiveChessVersion "1.4.8"]
[BlackElo "2408"]
[WhiteElo "1827"]

1. d4 {[%clk 1:30:46]} Nf6 {[%clk 1:30:45]} 2. Nf3 {[%clk 1:29:59]} g6
{[%clk 1:31:04]} 3. g3 {[%clk 1:29:43]} Bg7 {[%clk 1:31:24]} 4. Bg2
{[%clk 1:30:06]} O-O {[%clk 1:31:42]} 5. O-O {[%clk 1:30:27]} d6 {[%clk 1:31:41]}
6. c4 {[%clk 1:29:11]} c6 {[%clk 1:30:32]} 7. Nc3 {[%clk 1:25:37]} Nbd7
{[%clk 1:30:35]} 8. Qc2 {[%clk 1:24:37]} Re8 {[%clk 1:30:46]} 9. Bg5
{[%clk 1:23:21]} h6 {[%clk 1:30:51]} 10. Bxf6 {[%clk 1:22:44]} Bxf6
{[%clk 1:30:59]} 11. Rad1 {[%clk 1:22:41]} Bg7 {[%clk 1:26:51]} 12. Rfe1
{[%clk 1:20:48]} c5 {[%clk 1:25:02]} 13. b3 {[%clk 1:17:50]} Rb8 {[%clk 1:24:22]}
14. h3 {[%clk 1:16:25]} b6 {[%clk 1:15:09]} 15. d5 {[%clk 1:11:07]} a6
{[%clk 1:14:19]} 16. a4 {[%clk 1:09:56]} b5 {[%clk 1:01:03]} 17. cxb5
{[%clk 1:01:12]} Qa5 {[%clk 1:00:18]} 18. Rc1 {[%clk 0:53:15]} axb5
{[%clk 0:56:14]} 19. Nxb5 {[%clk 0:51:11]} Ba6 {[%clk 0:54:57]} 20. Qd2
{[%clk 0:40:56]} Qxd2 {[%clk 0:47:03]} 21. Nxd2 {[%clk 0:41:06]} Bxb5
{[%clk 0:47:26]} 22. axb5 {[%clk 0:41:03]} Rxb5 {[%clk 0:47:29]} 23. Bf1
{[%clk 0:40:39]} Ra8 {[%clk 0:47:35]} 24. e3 {[%clk 0:38:30]} Rb4
{[%clk 0:43:19]} 25. Rc2 {[%clk 0:38:17]} Nb6 {[%clk 0:40:18]} 26. Bg2
{[%clk 0:38:12]} Ra3 {[%clk 0:38:25]} 27. Rb1 {[%clk 0:36:49]} Kf8
{[%clk 0:32:24]} 28. Kf1 {[%clk 0:37:06]} Ke8 {[%clk 0:32:38]} 29. Ke2
{[%clk 0:37:25]} Kd7 {[%clk 0:32:50]} 30. Bf3 {[%clk 0:37:06]} Bf6
{[%clk 0:31:17]} 31. Bg2 {[%clk 0:36:20]} e6 {[%clk 0:29:28]} 32. dxe6+
{[%clk 0:34:28]} fxe6 {[%clk 0:29:36]} 33. Be4 {[%clk 0:32:56]} Nd5
{[%clk 0:28:04]} 34. Bxd5 {[%clk 0:30:48]} exd5 {[%clk 0:28:24]} 35. h4
{[%clk 0:28:53]} Ke6 {[%clk 0:26:22]} 36. Kf3 {[%clk 0:25:54]} Rb8
{[%clk 0:24:49]} 37. Ke2 {[%clk 0:25:33]} Bd8 {[%clk 0:24:28]} 38. Rbb2
{[%clk 0:19:42]} Ba5 {[%clk 0:21:29]} 39. Ra2 {[%clk 0:15:04]} Rxa2
{[%clk 0:21:27]} 40. Rxa2 {[%clk 0:45:05]} Bxd2 {[%clk 0:51:31]} 41. Kxd2
{[%clk 0:45:24]} Rxb3 {[%clk 0:51:53]} 42. Kc2 {[%clk 0:45:46]} c4
{[%clk 0:48:32]} 43. Ra8 {[%clk 0:39:06]} d4 {[%clk 0:46:52]} 44. exd4
{[%clk 0:34:32]} Rf3 {[%clk 0:36:19]} 45. Rg8 {[%clk 0:25:57]} Rxf2+
{[%clk 0:35:21]} 46. Kc3 {[%clk 0:26:21]} Kd5 {[%clk 0:25:52]} 47. Rxg6
{[%clk 0:26:04]} Rf3+ {[%clk 0:25:11]} 48. Kc2 {[%clk 0:24:54]} h5
{[%clk 0:25:13]} 49. Kb2 {[%clk 0:17:45]} Re3 {[%clk 0:20:32]} 50. g4
{[%clk 0:14:43]} hxg4 {[%clk 0:10:48]} 51. Rxg4 {[%clk 0:12:43]} Rd3
{[%clk 0:10:32]} 52. Rg2 {[%clk 0:10:13]} Rb3+ {[%clk 0:04:26]} 53. Kc2
{[%clk 0:09:14]} Ra3 {[%clk 0:04:50]} 54. Kb2 {[%clk 0:09:09]} Rh3
{[%clk 0:05:18]} 55. Rg4 {[%clk 0:09:03]} Rh2+ {[%clk 0:05:30]} 56. Kc3
{[%clk 0:09:14]} Rh3+ {[%clk 0:05:56]} 57. Kc2 {[%clk 0:09:32]} Kc6
{[%clk 0:04:58]} 58. Rf4 {[%clk 0:08:44]} Kb5 {[%clk 0:04:38]} 59. Rf6
{[%clk 0:08:32]} Kb4 {[%clk 0:04:49]} 60. Rxd6 {[%clk 0:08:01]} Rh2+
{[%clk 0:05:18]} 61. Kb1 {[%clk 0:07:35]} Kc3 {[%clk 0:05:11]} 62. Rg6
{[%clk 0:06:44]} Kd2 {[%clk 0:05:15]} 63. Ra6 {[%clk 0:05:15]} Rh1+
{[%clk 0:05:21]} 64. Kb2 {[%clk 0:05:10]} c3+ {[%clk 0:05:38]} 65. Kb3
{[%clk 0:05:11]} Kd3 {[%clk 0:05:36]} 66. Rc6 {[%clk 0:03:37]} Rb1+
{[%clk 0:05:49]} 67. Ka2 {[%clk 0:01:21]} c2 {[%clk 0:05:59]} 68. d5
{[%clk 0:00:51]} c1=Q {[%clk 0:06:13]} 69. Rxc1 {[%clk 0:00:48]} Rxc1
{[%clk 0:06:37]} 70. d6 {[%clk 0:01:06]} Rc6 {[%clk 0:06:51]} 0-1

[Event "World Chess Olympiad 2018"]
[Site "Batumi"]
[Date "2018.10.02"]
[Round "8"]
[Board "2"]
[WhiteFideId "937576"]
[White "Ondozi Murtez"]
[BlackFideId "14317176"]
[Black "Khalema Sechaba"]
[Result "1-0"]
[LiveChessVersion "1.4.8"]
[BlackElo "1779"]
[WhiteElo "2402"]

1. d4 {[%clk 1:30:58]} Nf6 {[%clk 1:29:15]} 2. Nf3 {[%clk 1:31:24]} d5
{[%clk 1:27:34]} 3. Bf4 {[%clk 1:31:47]} e6 {[%clk 1:25:21]} 4. c3
{[%clk 1:31:55]} c5 {[%clk 1:23:04]} 5. e3 {[%clk 1:32:09]} Qb6 {[%clk 1:23:25]}
6. Qb3 {[%clk 1:32:32]} Nc6 {[%clk 1:23:50]} 7. Nbd2 {[%clk 1:32:45]} Bd7
{[%clk 1:24:11]} 8. Qxb6 {[%clk 1:32:36]} axb6 {[%clk 1:24:11]} 9. Bc7
{[%clk 1:33:03]} c4 {[%clk 1:24:18]} 10. a3 {[%clk 1:30:30]} b5 {[%clk 1:24:41]}
11. Rc1 {[%clk 1:30:53]} Be7 {[%clk 1:24:57]} 12. h3 {[%clk 1:31:08]} O-O
{[%clk 1:25:21]} 13. Be2 {[%clk 1:31:07]} Rfc8 {[%clk 1:25:36]} 14. Bg3
{[%clk 1:31:24]} Be8 {[%clk 1:25:54]} 15. O-O {[%clk 1:31:43]} Nd7
{[%clk 1:26:19]} 16. e4 {[%clk 1:32:06]} Nb6 {[%clk 1:20:00]} 17. Rfe1
{[%clk 1:32:01]} Bf8 {[%clk 1:19:54]} 18. Nh2 {[%clk 1:31:36]} Na4
{[%clk 1:20:10]} 19. Rc2 {[%clk 1:31:50]} Ne7 {[%clk 1:14:32]} 20. Bf3
{[%clk 1:31:05]} Bc6 {[%clk 1:14:36]} 21. Nhf1 {[%clk 1:30:49]} dxe4
{[%clk 1:14:41]} 22. Bxe4 {[%clk 1:30:32]} Nd5 {[%clk 1:14:45]} 23. Ne3
{[%clk 1:29:55]} Nab6 {[%clk 1:06:06]} 24. Bf3 {[%clk 1:29:05]} g6
{[%clk 1:05:27]} 25. Ng4 {[%clk 1:28:20]} Bg7 {[%clk 1:04:57]} 26. Ne5
{[%clk 1:28:32]} Be8 {[%clk 1:05:18]} 27. Ng4 {[%clk 1:24:04]} h5
{[%clk 1:02:47]} 28. Ne3 {[%clk 1:24:22]} Bc6 {[%clk 1:03:04]} 29. Ne4
{[%clk 1:23:03]} Re8 {[%clk 1:02:05]} 30. Rce2 {[%clk 1:20:48]} Nxe3
{[%clk 1:01:00]} 31. Rxe3 {[%clk 1:20:57]} Nd5 {[%clk 1:01:25]} 32. R3e2
{[%clk 1:21:20]} Bf8 {[%clk 1:01:12]} 33. Be5 {[%clk 1:19:49]} Bg7
{[%clk 0:46:18]} 34. Bh2 {[%clk 1:14:29]} Bf8 {[%clk 0:46:23]} 35. g4
{[%clk 1:11:36]} hxg4 {[%clk 0:46:31]} 36. hxg4 {[%clk 1:12:05]} Bh6
{[%clk 0:46:24]} 37. g5 {[%clk 1:12:02]} Bf8 {[%clk 0:46:44]} 38. Kg2
{[%clk 1:11:59]} Bg7 {[%clk 0:46:40]} 39. Bg3 {[%clk 1:11:46]} Red8
{[%clk 0:47:04]} 40. Rh1 {[%clk 1:41:42]} Kf8 {[%clk 1:13:51]} 41. Rh7
{[%clk 1:41:45]} Kg8 {[%clk 1:13:45]} 42. Rh4 {[%clk 1:42:04]} Ne7
{[%clk 1:13:57]} 43. Rh2 {[%clk 1:38:29]} Kf8 {[%clk 1:13:46]} 44. Nf6
{[%clk 1:37:12]} Bxf3+ {[%clk 1:13:28]} 45. Kxf3 {[%clk 1:37:40]} Nd5
{[%clk 1:13:52]} 46. Be5 {[%clk 1:36:14]} Bxf6 {[%clk 1:08:17]} 47. gxf6
{[%clk 1:36:35]} Ke8 {[%clk 1:08:38]} 48. Rh7 {[%clk 1:36:54]} b6
{[%clk 1:06:33]} 49. Kg4 {[%clk 1:36:32]} Rdc8 {[%clk 1:06:18]} 50. Rg7
{[%clk 1:35:57]} Nxc3 {[%clk 1:06:30]} 51. bxc3 {[%clk 1:36:05]} Rxa3
{[%clk 1:06:52]} 52. d5 {[%clk 1:36:14]} b4 {[%clk 1:06:09]} 53. dxe6
{[%clk 1:36:15]} fxe6 {[%clk 1:02:33]} 54. f4 {[%clk 1:35:34]} 1-0

[Event "World Chess Olympiad 2018"]
[Site "Batumi"]
[Date "2018.10.02"]
[Round "8"]
[Board "3"]
[WhiteFideId "14317265"]
[White "Mohatlane Liteboho"]
[BlackFideId "908630"]
[Black "Makolli Perparim"]
[Result "0-1"]
[LiveChessVersion "1.4.8"]
[BlackElo "2284"]
[WhiteElo "1655"]

1. c4 {[%clk 1:30:56]} e6 {[%clk 1:30:07]} 2. g3 {[%clk 1:30:13]} c5
{[%clk 1:30:00]} 3. Bg2 {[%clk 1:30:28]} Nc6 {[%clk 1:30:13]} 4. Nf3
{[%clk 1:30:25]} Nf6 {[%clk 1:21:09]} 5. Nc3 {[%clk 1:28:42]} a6 {[%clk 1:12:21]}
6. d4 {[%clk 1:21:20]} cxd4 {[%clk 1:11:42]} 7. Nxd4 {[%clk 1:21:38]} Qc7
{[%clk 1:11:20]} 8. O-O {[%clk 1:19:12]} d6 {[%clk 1:08:26]} 9. b3
{[%clk 1:14:47]} Bd7 {[%clk 1:06:23]} 10. Bb2 {[%clk 1:12:31]} Nxd4
{[%clk 1:05:35]} 11. Qxd4 {[%clk 1:12:49]} Bc6 {[%clk 1:05:55]} 12. e4
{[%clk 1:10:43]} Be7 {[%clk 1:04:57]} 13. Kh1 {[%clk 1:07:33]} O-O
{[%clk 1:01:29]} 14. f4 {[%clk 0:59:06]} Rfd8 {[%clk 0:57:22]} 15. f5
{[%clk 0:54:41]} e5 {[%clk 0:39:40]} 16. Qd3 {[%clk 0:48:08]} Rac8
{[%clk 0:38:16]} 17. Qf3 {[%clk 0:46:03]} b5 {[%clk 0:36:52]} 18. cxb5
{[%clk 0:40:28]} axb5 {[%clk 0:36:24]} 19. Rac1 {[%clk 0:38:01]} Qa5
{[%clk 0:31:26]} 20. a3 {[%clk 0:36:03]} b4 {[%clk 0:29:35]} 21. axb4
{[%clk 0:33:43]} Qxb4 {[%clk 0:29:55]} 22. Nd5 {[%clk 0:32:42]} Nxd5
{[%clk 0:27:20]} 23. exd5 {[%clk 0:33:03]} Bb5 {[%clk 0:27:40]} 24. Rfd1
{[%clk 0:30:59]} Bg5 {[%clk 0:25:07]} 25. Rc3 {[%clk 0:30:20]} Ba6
{[%clk 0:19:03]} 26. h4 {[%clk 0:29:45]} Bh6 {[%clk 0:18:17]} 27. Rc6
{[%clk 0:23:04]} Bb5 {[%clk 0:18:16]} 28. Ra1 {[%clk 0:18:50]} Bxc6
{[%clk 0:15:07]} 29. dxc6 {[%clk 0:18:13]} d5 {[%clk 0:11:47]} 30. Ra6
{[%clk 0:14:30]} Qc5 {[%clk 0:09:20]} 31. Ba3 {[%clk 0:12:07]} Qc2
{[%clk 0:07:04]} 32. Be7 {[%clk 0:11:28]} Re8 {[%clk 0:07:12]} 33. f6
{[%clk 0:10:52]} Rxc6 {[%clk 0:04:21]} 34. Rxc6 {[%clk 0:09:49]} Qxc6
{[%clk 0:04:46]} 35. Qxd5 {[%clk 0:09:23]} Qxd5 {[%clk 0:04:44]} 36. Bxd5
{[%clk 0:09:43]} gxf6 {[%clk 0:04:08]} 37. Bxf6 {[%clk 0:09:33]} e4
{[%clk 0:02:14]} 38. Bc3 {[%clk 0:06:53]} Bg7 {[%clk 0:02:14]} 39. Be1
{[%clk 0:06:55]} Rd8 {[%clk 0:02:30]} 40. Bxe4 {[%clk 0:31:16]} Rd1
{[%clk 0:32:29]} 41. Kg2 {[%clk 0:31:21]} Rxe1 {[%clk 0:32:54]} 42. Kf3
{[%clk 0:30:05]} Rc1 {[%clk 0:33:15]} 43. Bd5 {[%clk 0:29:53]} Bf8
{[%clk 0:32:57]} 44. h5 {[%clk 0:28:05]} Kg7 {[%clk 0:30:26]} 45. g4
{[%clk 0:28:04]} Be7 {[%clk 0:30:10]} 46. Kf4 {[%clk 0:26:58]} h6
{[%clk 0:30:39]} 47. Kf3 {[%clk 0:23:41]} Bd6 {[%clk 0:31:04]} 48. Ke3
{[%clk 0:23:34]} Rg1 {[%clk 0:31:19]} 49. Bf3 {[%clk 0:22:48]} Kf6
{[%clk 0:31:48]} 50. Ke4 {[%clk 0:22:34]} Kg5 {[%clk 0:32:10]} 51. Kd5
{[%clk 0:22:32]} Be7 {[%clk 0:32:24]} 52. Kc6 {[%clk 0:20:41]} Rg3
{[%clk 0:32:38]} 53. Bd5 {[%clk 0:20:55]} Kf6 {[%clk 0:33:02]} 54. Kd7
{[%clk 0:19:56]} Rxg4 {[%clk 0:33:29]} 55. Ke8 {[%clk 0:19:56]} Rg8+
{[%clk 0:33:51]} 56. Kd7 {[%clk 0:20:24]} Rg5 {[%clk 0:34:12]} 57. Bf3
{[%clk 0:20:03]} Rb5 {[%clk 0:34:40]} 0-1

[Event "World Chess Olympiad 2018"]
[Site "Batumi"]
[Date "2018.10.02"]
[Round "8"]
[Board "4"]
[WhiteFideId "22100199"]
[White "Uruci Endrit"]
[BlackFideId "21300550"]
[Black "Theko Khanyapa"]
[Result "1-0"]
[LiveChessVersion "1.4.8"]
[BlackElo "1655"]
[WhiteElo "2157"]

1. e4 {[%clk 1:30:58]} e5 {[%clk 1:30:49]} 2. Nf3 {[%clk 1:31:24]} Nf6
{[%clk 1:30:27]} 3. Nxe5 {[%clk 1:31:35]} d6 {[%clk 1:28:13]} 4. Nf3
{[%clk 1:32:00]} Nxe4 {[%clk 1:28:27]} 5. Nc3 {[%clk 1:32:23]} Nxc3
{[%clk 1:25:11]} 6. dxc3 {[%clk 1:32:47]} Be7 {[%clk 1:25:27]} 7. Be3
{[%clk 1:33:12]} Nc6 {[%clk 1:22:22]} 8. Qd2 {[%clk 1:33:06]} O-O
{[%clk 1:22:04]} 9. O-O-O {[%clk 1:33:22]} Be6 {[%clk 1:16:42]} 10. Ng5
{[%clk 1:28:01]} Bg4 {[%clk 1:15:51]} 11. f3 {[%clk 1:28:16]} Bd7
{[%clk 1:16:01]} 12. Bd3 {[%clk 1:28:37]} h6 {[%clk 1:12:48]} 13. Ne4
{[%clk 1:24:21]} Ne5 {[%clk 1:12:51]} 14. Be2 {[%clk 1:21:19]} Bc6
{[%clk 1:12:39]} 15. Ng3 {[%clk 1:20:42]} Qc8 {[%clk 1:07:21]} 16. Nh5
{[%clk 1:14:40]} Qe6 {[%clk 1:07:05]} 17. Kb1 {[%clk 1:12:29]} b5
{[%clk 0:57:18]} 18. Nf4 {[%clk 1:11:26]} Qd7 {[%clk 0:56:08]} 19. b3
{[%clk 1:11:13]} a5 {[%clk 0:56:13]} 20. Nd5 {[%clk 1:11:27]} a4 {[%clk 0:55:25]}
21. Nxe7+ {[%clk 1:10:23]} Qxe7 {[%clk 0:55:33]} 22. f4 {[%clk 1:09:26]} axb3
{[%clk 0:50:00]} 23. cxb3 {[%clk 1:04:41]} Nd7 {[%clk 0:46:45]} 24. Rhe1
{[%clk 1:03:15]} Qe4+ {[%clk 0:36:38]} 25. Bd3 {[%clk 1:01:33]} Qxg2
{[%clk 0:35:27]} 26. Qxg2 {[%clk 1:01:42]} Bxg2 {[%clk 0:35:01]} 27. Bxb5
{[%clk 1:02:09]} Be4+ {[%clk 0:32:25]} 28. Kb2 {[%clk 1:02:26]} Nf6
{[%clk 0:28:23]} 29. Bd4 {[%clk 0:55:54]} Bf5 {[%clk 0:22:19]} 30. Rg1
{[%clk 0:55:25]} Kh7 {[%clk 0:22:10]} 31. Rd2 {[%clk 0:55:00]} Nh5
{[%clk 0:20:04]} 32. Be2 {[%clk 0:53:41]} Nf6 {[%clk 0:16:24]} 33. Bf3
{[%clk 0:53:47]} Rad8 {[%clk 0:14:51]} 34. Rdg2 {[%clk 0:53:48]} Rg8
{[%clk 0:14:17]} 35. Bxf6 {[%clk 0:54:04]} gxf6 {[%clk 0:14:06]} 36. Rxg8
{[%clk 0:54:32]} Rxg8 {[%clk 0:12:28]} 37. Rxg8 {[%clk 0:54:59]} Kxg8
{[%clk 0:12:48]} 38. a4 {[%clk 0:55:00]} Bc8 {[%clk 0:12:09]} 39. b4
{[%clk 0:54:20]} Kf8 {[%clk 0:12:27]} 40. b5 {[%clk 1:24:43]} Ke7
{[%clk 0:41:02]} 41. a5 {[%clk 1:24:26]} d5 {[%clk 0:39:14]} 42. Bxd5
{[%clk 1:24:31]} Kd6 {[%clk 0:39:14]} 43. c4 {[%clk 1:24:56]} Kc5
{[%clk 0:38:45]} 44. a6 {[%clk 1:25:22]} Kb6 {[%clk 0:38:21]} 45. c5+
{[%clk 1:25:41]} Ka7 {[%clk 0:38:44]} 46. Bc6 {[%clk 1:26:03]} Bh3
{[%clk 0:35:36]} 47. Kc3 {[%clk 1:26:24]} Bf1 {[%clk 0:34:48]} 48. Kb4
{[%clk 1:26:40]} f5 {[%clk 0:33:45]} 49. Ka5 {[%clk 1:26:01]} f6 {[%clk 0:33:43]}
50. b6+ {[%clk 1:26:23]} 1-0

[Event "World Chess Olympiad 2018"]
[Site "Batumi"]
[Date "2018.10.02"]
[Round "8"]
[Board "1"]
[WhiteFideId "4700600"]
[White "Mehmeti Dritan"]
[BlackFideId "16100212"]
[Black "Ali Abdullahi Farah"]
[Result "1-0"]
[LiveChessVersion "1.4.8"]
[BlackElo "2000"]
[WhiteElo "2391"]

1. d4 {[%clk 1:30:58]} e6 {[%clk 1:29:49]} 2. e4 {[%clk 1:31:11]} Nf6
{[%clk 1:29:15]} 3. e5 {[%clk 1:30:40]} Nd5 {[%clk 1:29:44]} 4. c4
{[%clk 1:30:39]} Nb6 {[%clk 1:30:10]} 5. Nf3 {[%clk 1:30:29]} d6 {[%clk 1:30:34]}
6. exd6 {[%clk 1:27:05]} cxd6 {[%clk 1:31:02]} 7. Nc3 {[%clk 1:27:12]} Be7
{[%clk 1:30:35]} 8. Bd3 {[%clk 1:27:10]} N6d7 {[%clk 1:27:32]} 9. O-O
{[%clk 1:26:38]} Nf6 {[%clk 1:27:58]} 10. Qe2 {[%clk 1:24:31]} O-O
{[%clk 1:27:14]} 11. Re1 {[%clk 1:21:03]} h6 {[%clk 1:24:17]} 12. Bf4
{[%clk 1:17:34]} Re8 {[%clk 1:21:37]} 13. Rad1 {[%clk 1:17:19]} Nbd7
{[%clk 1:14:45]} 14. Nb5 {[%clk 1:06:16]} Nf8 {[%clk 1:11:46]} 15. c5
{[%clk 1:06:15]} a6 {[%clk 1:06:48]} 16. Nxd6 {[%clk 1:05:51]} Nh5
{[%clk 1:02:39]} 17. Be5 {[%clk 0:52:35]} f6 {[%clk 1:02:04]} 18. Nxc8
{[%clk 0:47:08]} Rxc8 {[%clk 0:59:57]} 19. Bg3 {[%clk 0:45:11]} Nxg3
{[%clk 1:00:14]} 20. hxg3 {[%clk 0:45:32]} Qc7 {[%clk 0:57:26]} 21. b4
{[%clk 0:45:06]} f5 {[%clk 0:54:18]} 22. Bc4 {[%clk 0:42:20]} Bf6
{[%clk 0:53:50]} 23. a4 {[%clk 0:41:38]} Rcd8 {[%clk 0:52:40]} 24. a5
{[%clk 0:41:18]} Kh7 {[%clk 0:52:21]} 25. Qc2 {[%clk 0:41:16]} g6
{[%clk 0:52:07]} 26. Bb3 {[%clk 0:39:23]} Qg7 {[%clk 0:51:03]} 27. Ne5
{[%clk 0:38:09]} Rc8 {[%clk 0:48:36]} 28. Qc4 {[%clk 0:35:52]} h5
{[%clk 0:45:57]} 29. f4 {[%clk 0:34:41]} h4 {[%clk 0:44:40]} 30. gxh4
{[%clk 0:34:19]} Bxh4 {[%clk 0:44:51]} 31. Re3 {[%clk 0:34:31]} Bf6
{[%clk 0:43:53]} 32. Qe2 {[%clk 0:32:24]} Bxe5 {[%clk 0:39:53]} 33. Rh3+
{[%clk 0:28:06]} Kg8 {[%clk 0:35:13]} 34. Qxe5 {[%clk 0:22:14]} Qxe5
{[%clk 0:32:47]} 35. dxe5 {[%clk 0:22:18]} Red8 {[%clk 0:32:22]} 36. Rd6
{[%clk 0:22:28]} Kf7 {[%clk 0:31:27]} 37. Rhd3 {[%clk 0:19:03]} Ke7
{[%clk 0:30:59]} 38. Kf2 {[%clk 0:19:02]} Rxd6 {[%clk 0:29:56]} 39. exd6+
{[%clk 0:19:18]} Kf6 {[%clk 0:29:32]} 40. Rh3 {[%clk 0:46:53]} Rd8
{[%clk 0:57:08]} 41. Ke3 {[%clk 0:44:14]} Kg7 {[%clk 0:50:07]} 42. Kd4
{[%clk 0:44:14]} Kf6 {[%clk 0:49:14]} 43. g3 {[%clk 0:42:26]} Rc8
{[%clk 0:38:47]} 44. Rh1 {[%clk 0:42:54]} Rd8 {[%clk 0:38:36]} 45. Ba4
{[%clk 0:43:19]} Ra8 {[%clk 0:37:33]} 46. Ra1 {[%clk 0:43:41]} Rd8
{[%clk 0:37:50]} 47. b5 {[%clk 0:44:02]} axb5 {[%clk 0:36:55]} 48. Bxb5
{[%clk 0:44:30]} g5 {[%clk 0:37:25]} 49. fxg5+ {[%clk 0:40:44]} Kxg5
{[%clk 0:37:52]} 50. Ke5 {[%clk 0:41:03]} Kg6 {[%clk 0:38:14]} 51. a6
{[%clk 0:40:36]} bxa6 {[%clk 0:34:59]} 52. Rxa6 {[%clk 0:40:51]} Rb8
{[%clk 0:34:46]} 53. Rb6 {[%clk 0:40:55]} Rc8 {[%clk 0:34:04]} 54. c6
{[%clk 0:41:08]} 1-0